Effects of irrigated water quantity on cucumber at royal university of agriculture; ប្រសិទ្ធភាពបរិមាណទឹកស្រោចស្រពលើដំណាំត្រសក់ក្នុងលក្ខខណ្ឌសាកលវិទ្យាល័យភូមិន្ទកសិកម្ម (Record no. 10765)

000 -LEADER
fixed length control field 00649nam a22001337a 4500
040 ## - CATALOGING SOURCE
Transcribing agency RUA
082 ## - DEWEY DECIMAL CLASSIFICATION NUMBER
Classification number AGR KIM 2015 B519 Or.1
100 ## - MAIN ENTRY--AUTHOR NAME
Personal name KIM SOVANNY; គឹម សុវណ្ណនី
245 ## - TITLE STATEMENT
Title Effects of irrigated water quantity on cucumber at royal university of agriculture; ប្រសិទ្ធភាពបរិមាណទឹកស្រោចស្រពលើដំណាំត្រសក់ក្នុងលក្ខខណ្ឌសាកលវិទ្យាល័យភូមិន្ទកសិកម្ម
260 ## - PUBLICATION, DISTRIBUTION, ETC. (IMPRINT)
Place of publication Phnom Penh
Name of publisher RUA
Year of publication 2015
300 ## - PHYSICAL DESCRIPTION
Number of Pages x; 52p;
Other physical details ill;
Dimensions 29cm;
856 ## - ELECTRONIC LOCATION AND ACCESS
Uniform Resource Identifier KIM SOVANNY
942 ## - ADDED ENTRY ELEMENTS (KOHA)
Koha item type AGR
952 ## - LOCATION AND ITEM INFORMATION (KOHA)
Withdrawn status [LOCAL, KOHA] 0
952 ## - LOCATION AND ITEM INFORMATION (KOHA)
Withdrawn status [LOCAL, KOHA] 0
952 ## - LOCATION AND ITEM INFORMATION (KOHA)
Withdrawn status [LOCAL, KOHA] 0
952 ## - LOCATION AND ITEM INFORMATION (KOHA)
Withdrawn status [LOCAL, KOHA] 0
952 ## - LOCATION AND ITEM INFORMATION (KOHA)
Withdrawn status [LOCAL, KOHA] 0
952 ## - LOCATION AND ITEM INFORMATION (KOHA)
Withdrawn status [LOCAL, KOHA] 0
952 ## - LOCATION AND ITEM INFORMATION (KOHA)
Withdrawn status [LOCAL, KOHA] 0
952 ## - LOCATION AND ITEM INFORMATION (KOHA)
Withdrawn status [LOCAL, KOHA] 0
952 ## - LOCATION AND ITEM INFORMATION (KOHA)
Withdrawn status [LOCAL, KOHA] 0
952 ## - LOCATION AND ITEM INFORMATION (KOHA)
Withdrawn status [LOCAL, KOHA] 0
Holdings
Permanent Location Date acquired Koha item type Lost status Shelving location Barcode Current Location Full call number
Library Block B2016-11-05AGR B519A04272Library Block BAGR KIM 2015 B519 Or.1
Library Block B2016-11-05AGR B519A04347Library Block BAGR KIM 2015 B519 Or.2
Library Block B2016-11-05AGR B519A03420Library Block BAGR KIM 2015 B519 Or.3
Library Block B2016-11-05AGR B519A03519Library Block BAGR KIM 2015 B519 Or.4
Library Block B2016-11-05AGR B519A03444Library Block BAGR KIM 2015 B519 Or.5
Library Block B2016-11-05AGR B519A03433Library Block BAGR KIM 2015 B519 Or.6
Library Block B2016-11-05AGR B519A03508Library Block BAGR KIM 2015 B519 Or.7
Library Block B2016-11-05AGR B519A03593Library Block BAGR KIM 2015 B519 Or.8
Library Block B2021-09-28AGR B691A066216Library Block BAGR KIM 2015 B691Or.1
Library Block B2021-09-28AGR B691A066276Library Block BAGR KIM 2015 B691Or.1
មជ្ឈមណ្ឌលឯការនៃសាកលវិទ្យាល័យភូមិន្ទកសិកម្មចំការដូង

Powered by Koha